[Event "14th IBCA World Chess Championship for Blind 2019"]
[Site "Cagliari"]
[Date "2019.04.06"]
[Round "1"]
[Board "30"]
[White "Chojnowski, Marcin"]
[Black "Dal, Ibrahim"]
[Result "0-1"]
[WhiteElo "2083"]
[BlackElo "1606"]
[PlyCount "66"]
[EventDate "2019.04.06"]
[EventRounds "9"]
[EventCountry "ITA"]

1. e4 c6 2. Nf3 d5 3. Nc3 Bg4 4. h3 Bxf3 5. Qxf3 e6 6. g3 Nd7 7. Bg2 Ngf6 8. d4
dxe4 9. Nxe4 Nxe4 10. Qxe4 Nf6 11. Qd3 Qb6 12. O-O Rd8 13. c3 Be7 14. b4 O-O
15. Qc2 Rd7 16. a4 a5 17. bxa5 Qxa5 18. Bd2 Ra8 19. Rfb1 Qd8 20. Be3 Nd5 21.
Bc1 Bf6 22. Bxd5 cxd5 23. Bf4 Qc8 24. Rb2 Ra6 25. Qd3 Rc6 26. Rb3 Rc4 27. a5
Bd8 28. Qb1 Rxc3 29. Rb5 Qc6 30. Kg2 Rc4 31. Qb2 h6 32. Rb1 f5 33. Rd1 Bf6 {
,,, 41 moves}  0-1

[Event "14th IBCA World Chess Championship for Blind 2019"]
[Site "Cagliari"]
[Date "2019.04.06"]
[Round "1"]
[Board "31"]
[White "Christensen, Dan"]
[Black "Rositsan, Boris"]
[Result "0-1"]
[WhiteElo "1573"]
[BlackElo "2069"]
[PlyCount "50"]
[EventDate "2019.04.06"]
[EventRounds "9"]
[EventCountry "ITA"]

1. d4 Nf6 2. f4 c5 3. Nf3 cxd4 4. Qxd4 Nc6 5. Qd1 e6 6. e3 Bb4+ 7. Bd2 Nd5 8.
c3 Bc5 9. Nd4 O-O 10. Qf3 Nf6 11. Bd3 e5 12. Nxc6 dxc6 13. Bc2 exf4 14. Qxf4
Re8 15. b4 Bxe3 16. Bxe3 Nd5 17. Bxh7+ Kxh7 18. Qxf7 Nxe3 19. Nd2 Nc2+ 20. Kd1
Nxa1 21. Rf1 Bg4+ 22. Kc1 Qd3 23. Kb2 Qxd2+ 24. Kxa1 Rf8 25. Rf2 Qc1#  0-1

[Event "14th IBCA World Chess Championship for Blind 2019"]
[Site "Cagliari"]
[Date "2019.04.06"]
[Round "1"]
[Board "32"]
[White "Suder, Ryszard"]
[Black "Cizman, Gregor"]
[Result "1-0"]
[WhiteElo "2052"]
[BlackElo "1564"]
[PlyCount "57"]
[EventDate "2019.04.06"]
[EventRounds "9"]
[EventCountry "ITA"]

1. Nf3 Nf6 2. d4 d6 3. Nc3 g6 4. e4 Bg4 5. Be3 Bg7 6. Be2 Nbd7 7. O-O c6 8. Qd2
O-O 9. Bh6 Bxf3 10. Bxf3 Qc7 11. Rfe1 Rfe8 12. Rad1 Rad8 13. Bxg7 Kxg7 14. Qe3
b6 15. e5 Ng8 16. h4 dxe5 17. dxe5 Nb8 18. h5 Rxd1 19. Bxd1 e6 20. f4 Rd8 21.
Bf3 Ne7 22. Ne4 Nf5 23. Qf2 c5 24. c3 Qe7 25. Nf6 Qc7 26. g4 Ne7 27. Qh4 Ng8
28. hxg6 Nxf6 29. Qxf6+  1-0

[Event "14th IBCA World Chess Championship for Blind 2019"]
[Site "Cagliari"]
[Date "2019.04.06"]
[Round "1"]
[Board "33"]
[White "Selcuk, Umit"]
[Black "Vela Ignacio, Jose Manuel"]
[Result "0-1"]
[WhiteElo "1555"]
[BlackElo "2038"]
[PlyCount "46"]
[EventDate "2019.04.06"]
[EventRounds "9"]
[EventCountry "ITA"]

1. e4 e5 2. Bc4 Nf6 3. d3 Bc5 4. Nf3 d6 5. c3 Nc6 6. b4 Bb6 7. a4 a6 8. Qb3 Qe7
9. O-O O-O 10. h3 Nd8 11. Na3 c6 12. Bg5 Ne6 13. Nc2 Nxg5 14. Nxg5 Nh5 15. Nf3
Qf6 16. h4 Nf4 17. Ne3 Qg6 18. g3 Bxe3 19. Kh2 Be6 20. gxf4 Qg4 21. Qd1 Qh3+
22. Kg1 Bg4 23. Ng5 Qg3+  0-1

[Event "14th IBCA World Chess Championship for Blind 2019"]
[Site "Cagliari"]
[Date "2019.04.06"]
[Round "1"]
[Board "34"]
[White "Migala, Andrzej"]
[Black "Tishuki, Daut"]
[Result "1-0"]
[WhiteElo "2037"]
[BlackElo "1547"]
[PlyCount "111"]
[EventDate "2019.04.06"]
[EventRounds "9"]
[EventCountry "ITA"]

1. e4 e6 2. d4 d5 3. e5 c5 4. c3 Nc6 5. Nf3 cxd4 6. cxd4 Bb4+ 7. Bd2 Qb6 8.
Bxb4 Qxb4+ 9. Qd2 a6 10. Qxb4 Nxb4 11. Kd2 Ne7 12. Nc3 Bd7 13. a3 Nbc6 14. b4
b5 15. Bd3 O-O 16. Ke3 f5 17. g3 Ng6 18. Ne2 Rf7 19. Nd2 a5 20. Bxb5 axb4 21.
Bxc6 Bxc6 22. axb4 Rb8 23. Ra6 Bb5 24. Rxe6 Bxe2 25. Kxe2 Rxb4 26. Rb1 Rxd4 27.
Rb8+ Rf8 28. Rxf8+ Kxf8 29. f4 Kf7 30. Ra6 Ne7 31. Nf3 Rb4 32. Ng5+ Ke8 33.
Ra8+ Kd7 34. Ra7+ Kd8 35. Ne6+ Ke8 36. Nxg7+ Kf8 37. Ne6+ Ke8 38. Ng7+ Kf8 39.
Ne6+ Ke8 40. Nc5 Rc4 41. Nd3 Rc2+ 42. Ke3 Rxh2 43. e6 Nc6 44. Rc7 Rc2 45. Rxh7
d4+ 46. Kf3 Rc3 47. Ke2 Rc2+ 48. Kd1 Rg2 49. Rg7 Ne7 50. Ne5 Nd5 51. Rg8+ Ke7
52. Nc6+ Kxe6 53. Nxd4+ Kf6 54. Rg5 Ne3+ 55. Ke1 Rg1+ 56. Kf2  1-0

[Event "14th IBCA World Chess Championship for Blind 2019"]
[Site "Cagliari"]
[Date "2019.04.06"]
[Round "1"]
[Board "35"]
[White "Zenini, Simone"]
[Black "Schellmann, Frank"]
[Result "0-1"]
[WhiteElo "1435"]
[BlackElo "2033"]
[PlyCount "70"]
[EventDate "2019.04.06"]
[EventRounds "9"]
[EventCountry "ITA"]

1. f4 d5 2. Nf3 g6 3. e3 Bg7 4. Be2 Nf6 5. O-O O-O 6. c3 c5 7. b3 Nc6 8. Bb5
Qc7 9. Bb2 a6 10. Bxc6 Qxc6 11. d3 b5 12. Nbd2 Bb7 13. Rc1 Qd6 14. d4 Rad8 15.
b4 c4 16. Qe1 Nd7 17. Qf2 Qf6 18. Qg3 Qd6 19. Rcd1 Rfe8 20. Bc1 Ra8 21. Nb1 Nb6
22. a3 Bc8 23. Rd2 Bf5 24. Bb2 Qe6 25. Qf2 Nc8 26. Rfd1 Nd6 27. Qe1 Bd3 28. Rc1
Nf5 29. Qf2 Qxe3 30. Qxe3 Nxe3 31. Re1 Nf5 32. Rf2 a5 33. bxa5 Rxa5 34. Rc1 Bh6
35. g3 Nd6  0-1

[Event "14th IBCA World Chess Championship for Blind 2019"]
[Site "Cagliari"]
[Date "2019.04.06"]
[Round "1"]
[Board "36"]
[White "Grybas, Gintaras"]
[Black "Dayan, Itay"]
[Result "1-0"]
[WhiteElo "2006"]
[BlackElo "1409"]
[PlyCount "33"]
[EventDate "2019.04.06"]
[EventRounds "9"]
[EventCountry "ITA"]

1. d4 Nf6 2. c4 g6 3. Nc3 d5 4. Bg5 Ne4 5. Bh4 Bg7 6. e3 O-O 7. Nxd5 c6 8.
Nxe7+ Kh8 9. Nxg6+ fxg6 10. Bxd8 Nxf2 11. Qd2 Nxh1 12. Bh4 Bf5 13. Nf3 Nd7 14.
O-O-O Rae8 15. Bg5 Nf6 16. Bxf6 Bxf6 17. Re1  1-0

[Event "14th IBCA World Chess Championship for Blind 2019"]
[Site "Cagliari"]
[Date "2019.04.06"]
[Round "1"]
[Board "37"]
[White "Morelli, Daniel"]
[Black "Schulz, Gert"]
[Result "0-1"]
[WhiteElo "1382"]
[BlackElo "1995"]
[PlyCount "62"]
[EventDate "2019.04.06"]
[EventRounds "9"]
[EventCountry "ITA"]

1. d4 Nf6 2. b3 g6 3. Bb2 Bg7 4. e3 O-O 5. Nf3 d5 6. Nbd2 Bg4 7. Bd3 c6 8. O-O
Qc7 9. h3 Bxf3 10. Nxf3 Nbd7 11. Ne5 Nxe5 12. dxe5 Nd7 13. f4 Nc5 14. Qe2 Rfd8
15. Rad1 e6 16. c4 Nxd3 17. Rxd3 dxc4 18. Rxd8+ Rxd8 19. bxc4 Qa5 20. Rd1 Rxd1+
21. Qxd1 Qxa2 22. Qd8+ Bf8 23. Bd4 Qxc4 24. Qb8 Qc1+ 25. Kh2 c5 26. Qc8 b5 27.
h4 b4 28. h5 b3 29. hxg6 hxg6 30. e4 Qxf4+ 31. Kg1 cxd4  0-1

[Event "14th IBCA World Chess Championship for Blind 2019"]
[Site "Cagliari"]
[Date "2019.04.06"]
[Round "1"]
[Board "38"]
[White "Dobierzin, Olaf"]
[Black "L`Herbon De Lussats, Jean"]
[Result "1-0"]
[WhiteElo "1992"]
[BlackElo "1312"]
[PlyCount "75"]
[EventDate "2019.04.06"]
[EventRounds "9"]
[EventCountry "ITA"]

1. e4 c5 2. Nf3 Nc6 3. d4 cxd4 4. Nxd4 e6 5. Nc3 Bc5 6. Nb3 Bb6 7. Be2 Nge7 8.
O-O O-O 9. Kh1 d5 10. exd5 exd5 11. Bg5 d4 12. Ne4 Qc7 13. Bd3 Bf5 14. Qf3 Ne5
15. Qg3 Bg6 16. Bf4 Nf5 17. Qh3 Qe7 18. Rae1 Qh4 19. Qxh4 Nxh4 20. Bxe5 Rad8
21. Bf4 Nf5 22. Ng3 Nd6 23. Re7 f5 24. Bxd6 Rxd6 25. a4 Re8 26. Rxe8+ Bxe8 27.
Nxf5 Rd7 28. Re1 Bf7 29. Re7 Rd8 30. a5 g6 31. Nh6+ Kf8 32. Rxf7+ Ke8 33. Bb5+
Rd7 34. Bxd7+ Kd8 35. axb6 axb6 36. Nxd4 Kc7 37. Nb5+ Kb8 38. Rf8#  1-0

[Event "14th IBCA World Chess Championship for Blind 2019"]
[Site "Cagliari"]
[Date "2019.04.06"]
[Round "1"]
[Board "39"]
[White "Atterberg, David"]
[Black "Bindzus, Ernst"]
[Result "0-1"]
[WhiteElo "1109"]
[BlackElo "1985"]
[PlyCount "44"]
[EventDate "2019.04.06"]
[EventRounds "9"]
[EventCountry "ITA"]

1. d4 f5 2. Nf3 Nf6 3. e3 e6 4. Nbd2 d5 5. Bd3 Bd6 6. O-O O-O 7. b3 Nbd7 8. Bb2
c6 9. Qe2 Qc7 10. h3 Ne4 11. c4 Qd8 12. Ne5 Nxd2 13. Qxd2 Nf6 14. f4 Bd7 15.
Rf3 Be8 16. g4 Ne4 17. Qg2 Kh8 18. Kh2 Bxe5 19. fxe5 Bg6 20. Rg1 fxg4 21. Rxf8+
Qxf8 22. Qxg4 Nf2  0-1

[Event "14th IBCA World Chess Championship for Blind 2019"]
[Site "Cagliari"]
[Date "2019.04.06"]
[Round "1"]
[Board "41"]
[White "Pugliese, Giuseppe Franco"]
[Black "Lindenmair, Anton"]
[Result "0-1"]
[WhiteElo "1648"]
[BlackElo "1974"]
[PlyCount "30"]
[EventDate "2019.04.06"]
[EventRounds "9"]
[EventCountry "ITA"]

1. e4 e5 2. Nf3 Nf6 3. Nc3 Bb4 4. Qe2 Nc6 5. Nd5 Bc5 6. c3 a6 7. Nxe5 Nxe5 8.
d4 Nxd5 9. exd5 O-O 10. dxc5 d6 11. Be3 dxc5 12. O-O-O Re8 13. Bxc5 Bg4 14. f3
Nxf3 15. Qd3 Qg5+  0-1

[Event "14th IBCA World Chess Championship for Blind 2019"]
[Site "Cagliari"]
[Date "2019.04.07"]
[Round "2"]
[Board "1"]
[White "Tazbir, Marcin"]
[Black "Clemente Llamero, Roberto"]
[Result "1-0"]
[WhiteElo "2540"]
[BlackElo "2117"]
[PlyCount "81"]
[EventDate "2019.04.06"]
[EventRounds "9"]
[EventCountry "ITA"]

1. e4 d6 2. d4 Nf6 3. f3 e5 4. Ne2 Be7 5. Be3 O-O 6. Qd2 exd4 7. Nxd4 Nc6 8. c4
Nxd4 9. Bxd4 Be6 10. Nc3 Nd7 11. Be2 Ne5 12. b3 Bf6 13. Be3 Nc6 14. Rc1 Re8 15.
Nd5 Be7 16. O-O Bf8 17. g4 Ne5 18. h3 c6 19. Nc3 f6 20. f4 Nd7 21. Bf3 Qc7 22.
h4 Bf7 23. g5 Kh8 24. Bg2 Bg8 25. Bd4 fxg5 26. hxg5 Nc5 27. Rcd1 Rad8 28. Qf2
a6 29. Rfe1 b5 30. cxb5 axb5 31. Ne2 Qb7 32. Ng3 Ne6 33. Be3 Nc5 34. e5 Na6 35.
g6 hxg6 36. Ne4 Be7 37. exd6 Bf6 38. d7 Rf8 39. Nxf6 gxf6 40. Rd6 Kg7 41. Bd4
 1-0

[Event "14th IBCA World Chess Championship for Blind 2019"]
[Site "Cagliari"]
[Date "2019.04.07"]
[Round "2"]
[Board "2"]
[White "Fernandez Manrique, Agustin"]
[Black "Smirnov, Alexey"]
[Result "0-1"]
[WhiteElo "2120"]
[BlackElo "2451"]
[PlyCount "46"]
[EventDate "2019.04.06"]
[EventRounds "9"]
[EventCountry "ITA"]

1. d4 Nf6 2. c4 e6 3. g3 d5 4. Bg2 Bb4+ 5. Bd2 Be7 6. Bf4 O-O 7. Qc2 c5 8. cxd5
Nxd5 9. Bxb8 Rxb8 10. dxc5 Qa5+ 11. Nd2 Bxc5 12. Bxd5 exd5 13. Ngf3 g6 14. O-O
Bf5 15. e4 Rbc8 16. Nb3 Bxe4 17. Qxe4 dxe4 18. Nxa5 exf3 19. Nxb7 Bb6 20. a4 a5
21. Ra3 Rb8 22. Nd6 Bc5 23. Rd3 Rfd8  0-1

[Event "14th IBCA World Chess Championship for Blind 2019"]
[Site "Cagliari"]
[Date "2019.04.07"]
[Round "2"]
[Board "4"]
[White "Dimic, Pavle"]
[Black "Suder, Ryszard"]
[Result "1-0"]
[WhiteElo "2333"]
[BlackElo "2052"]
[PlyCount "117"]
[EventDate "2019.04.06"]
[EventRounds "9"]
[EventCountry "ITA"]

1. d4 Nf6 2. Nf3 g6 3. c4 Bg7 4. g3 O-O 5. Bg2 d5 6. cxd5 Nxd5 7. O-O Nb6 8.
Nc3 Nc6 9. e3 Re8 10. a3 e5 11. d5 Na5 12. Qc2 c6 13. b4 Nac4 14. dxc6 bxc6 15.
Rd1 Qe7 16. Ne4 Bg4 17. h3 Be6 18. Nfd2 Rad8 19. Bf1 Nxd2 20. Bxd2 Bd5 21. Bc3
f5 22. Nc5 Qf7 23. Be2 Nc8 24. Rd2 Qe7 25. Bb2 Bf7 26. Rad1 Nb6 27. e4 Rxd2 28.
Rxd2 f4 29. Qc3 fxg3 30. fxg3 Qg5 31. h4 Qe7 32. a4 Rd8 33. Rxd8+ Qxd8 34. a5
Nc8 35. Nd3 Qd4+ 36. Qxd4 exd4 37. e5 Bc4 38. Bxd4 Bf8 39. Bc3 Kf7 40. Kf2 Ne7
41. Nf4 Bxe2 42. Kxe2 Nf5 43. Kf3 a6 44. h5 g5 45. g4 Ne7 46. Nd3 Nd5 47. Bd2
h6 48. Ke4 Ke6 49. Kd4 Nc7 50. Nc5+ Kf7 51. Nd7 Be7 52. Nb8 c5+ 53. bxc5 Ne6+
54. Kd5 Nxc5 55. Bb4 Nb3 56. e6+ Ke8 57. Bxe7 Kxe7 58. Nc6+ Ke8 59. Ke5  1-0

[Event "14th IBCA World Chess Championship for Blind 2019"]
[Site "Cagliari"]
[Date "2019.04.07"]
[Round "2"]
[Board "5"]
[White "Zoltek, Tadeusz"]
[Black "Magnusson, Jorgen"]
[Result "1/2-1/2"]
[WhiteElo "2092"]
[BlackElo "2301"]
[PlyCount "89"]
[EventDate "2019.04.06"]
[EventRounds "9"]
[EventCountry "ITA"]

1. Nf3 f5 2. e4 fxe4 3. Ng5 e5 4. d3 e3 5. Bxe3 Nf6 6. d4 Nc6 7. dxe5 Nxe5 8.
Be2 d5 9. h3 Bd6 10. Nc3 c6 11. Qd2 O-O 12. O-O-O b5 13. Nge4 Nxe4 14. Nxe4 Be7
15. Nc5 Nc4 16. Bxc4 bxc4 17. Rhe1 Rb8 18. Bd4 Bg5 19. Be3 Qf6 20. Na4 Bxe3 21.
fxe3 Bf5 22. Rf1 Qe5 23. Nc3 Rbe8 24. Rf3 Bg6 25. Rdf1 Rxf3 26. Rxf3 Rf8 27.
Qd4 Qxd4 28. Rxf8+ Kxf8 29. exd4 Ke7 30. Nd1 h5 31. h4 Be4 32. Ne3 Ke6 33. g3
g6 34. c3 Kd6 35. b3 cxb3 36. axb3 c5 37. Kb2 cxd4 38. cxd4 Kc6 39. Ka3 Kb5 40.
Nd1 a5 41. Nc3+ Kc6 42. Ka4 Bc2 43. Kxa5 Bxb3 44. Kb4 Bc4 45. Nd1  1/2-1/2

[Event "14th IBCA World Chess Championship for Blind 2019"]
[Site "Cagliari"]
[Date "2019.04.07"]
[Round "2"]
[Board "6"]
[White "Nikac, Predrag"]
[Black "Migala, Andrzej"]
[Result "1/2-1/2"]
[WhiteElo "2297"]
[BlackElo "2037"]
[PlyCount "85"]
[EventDate "2019.04.06"]
[EventRounds "9"]
[EventCountry "ITA"]

1. e4 c5 2. Nf3 e6 3. d4 cxd4 4. Nxd4 Nf6 5. Nc3 Bb4 6. Bd3 e5 7. Nf5 O-O 8.
Ne3 d6 9. O-O Bxc3 10. bxc3 Be6 11. Rb1 Qc7 12. c4 Nbd7 13. f4 exf4 14. Rxf4
Ne5 15. Nd5 Bxd5 16. exd5 Nfd7 17. Be3 g6 18. Qd2 b6 19. h3 f5 20. Rbf1 Rac8
21. Rh4 Rf7 22. Bd4 Nxd3 23. cxd3 Re8 24. Qg5 Ne5 25. Rhf4 Nxd3 26. Rxf5 Rxf5
27. Rxf5 Qe7 28. Rf6 Qe4 29. Bc3 Ne5 30. Bxe5 Rxe5 31. Qh6 Re8 32. Rf4 Qb1+ 33.
Rf1 Qe4 34. Rf4 Qb1+ 35. Kh2 Qxa2 36. Rh4 Re7 37. Qf4 Qa3 38. Qf6 Qe3 39. Rf4
Re8 40. Qxd6 Qe5 41. Qxe5 Rxe5 42. Rf6 b5 43. cxb5  1/2-1/2

[Event "14th IBCA World Chess Championship for Blind 2019"]
[Site "Cagliari"]
[Date "2019.04.07"]
[Round "2"]
[Board "7"]
[White "Mueller, Thorsten"]
[Black "Wassin, Sergej"]
[Result "0-1"]
[WhiteElo "2086"]
[BlackElo "2262"]
[PlyCount "82"]
[EventDate "2019.04.06"]
[EventRounds "9"]
[EventCountry "ITA"]

1. d4 Nf6 2. Nf3 d5 3. Bf4 c5 4. e3 Nc6 5. Nbd2 e6 6. c3 Be7 7. Ne5 Qb6 8. Rb1
Qa5 9. a3 c4 10. Be2 O-O 11. O-O Nd7 12. Nxc6 bxc6 13. Qc2 Qd8 14. b3 cxb3 15.
Qxb3 c5 16. c4 cxd4 17. exd4 dxc4 18. Qf3 Ba6 19. Bxc4 Bxc4 20. Nxc4 Nf6 21.
Be5 Qd5 22. Qxd5 Nxd5 23. Rb7 Rfc8 24. Ne3 Bxa3 25. Nxd5 exd5 26. Rb3 Bf8 27.
Ra1 a5 28. Rb5 a4 29. Rxd5 Rc4 30. Kf1 a3 31. Bd6 a2 32. Bc5 Rc2 33. Re5 Rb8
34. Ree1 f6 35. Ba7 Rb7 36. Bc5 Bxc5 37. dxc5 Rbb2 38. c6 Rxf2+ 39. Kg1 Rxg2+
40. Kh1 Rxh2+ 41. Kg1 Rhc2  0-1

[Event "14th IBCA World Chess Championship for Blind 2019"]
[Site "Cagliari"]
[Date "2019.04.07"]
[Round "2"]
[Board "8"]
[White "Rositsan, Boris"]
[Black "Grigorchuk, Sergey"]
[Result "0-1"]
[WhiteElo "2069"]
[BlackElo "2236"]
[PlyCount "66"]
[EventDate "2019.04.06"]
[EventRounds "9"]
[EventCountry "ITA"]

1. Nf3 Nf6 2. b3 d5 3. Bb2 c5 4. e3 e6 5. Ne5 Be7 6. Bb5+ Nbd7 7. O-O O-O 8. f4
Ne8 9. Bd3 f5 10. g4 Nxe5 11. fxe5 Nc7 12. Kh1 b5 13. gxf5 exf5 14. Qh5 d4 15.
Be2 Bb7+ 16. Bf3 Bxf3+ 17. Qxf3 Ne6 18. Qc6 Ng5 19. Na3 Rc8 20. Qg2 Qd7 21.
Rae1 a6 22. Rg1 Rc6 23. e6 Rxe6 24. h4 Rh6 25. Qg3 Ne6 26. exd4 Rxh4+ 27. Qxh4
Bxh4 28. Re5 Nxd4 29. Rxc5 Bf6 30. c4 Qe7 31. Rd5 Qe4+ 32. Rg2 Qe1+ 33. Kh2
Nf3+  0-1

[Event "14th IBCA World Chess Championship for Blind 2019"]
[Site "Cagliari"]
[Date "2019.04.07"]
[Round "2"]
[Board "9"]
[White "Dukaczewski, Piotr"]
[Black "Grybas, Gintaras"]
[Result "1-0"]
[WhiteElo "2225"]
[BlackElo "2006"]
[PlyCount "111"]
[EventDate "2019.04.06"]
[EventRounds "9"]
[EventCountry "ITA"]

1. e4 c6 2. d4 d5 3. Nc3 dxe4 4. Nxe4 Bf5 5. Qf3 Qd5 6. Bd3 Bxe4 7. Qxe4 Qxe4+
8. Bxe4 e6 9. Nf3 Nf6 10. Bd3 Bd6 11. O-O O-O 12. Re1 Nbd7 13. c3 c5 14. Bc2
Rfd8 15. a4 a6 16. dxc5 Bxc5 17. h3 b5 18. Bg5 h6 19. Bh4 b4 20. c4 b3 21. Bd1
Bb4 22. Re3 Nc5 23. Bxb3 Bd2 24. Nxd2 Rxd2 25. Bd1 Rxb2 26. f3 Rab8 27. Bf2 Rb1
28. Rea3 Nfd7 29. Kf1 Rxa1 30. Rxa1 Rb4 31. Rc1 Nd3 32. Rc3 Nxf2 33. Kxf2 Nc5
34. Ke3 e5 35. f4 f6 36. fxe5 fxe5 37. a5 Kf7 38. h4 Rb1 39. Bh5+ Ke7 40. Ke2
Rb2+ 41. Kf1 Rb3 42. Rc2 Rb1+ 43. Kf2 Ra1 44. Re2 Nd7 45. Rb2 Rxa5 46. Rb7 Kd6
47. Bg4 Nf6 48. Rxg7 e4 49. Ke3 Ra3+ 50. Kf4 Ra2 51. Rg6 Ke7 52. Bf5 Kf7 53. g4
Ra5 54. Rxh6 e3 55. g5 Re5 56. Rxf6+  1-0

[Event "14th IBCA World Chess Championship for Blind 2019"]
[Site "Cagliari"]
[Date "2019.04.07"]
[Round "2"]
[Board "10"]
[White "Vela Ignacio, Jose Manuel"]
[Black "Ross, Chris N"]
[Result "1/2-1/2"]
[WhiteElo "2038"]
[BlackElo "2224"]
[PlyCount "98"]
[EventDate "2019.04.06"]
[EventRounds "9"]
[EventCountry "ITA"]

1. d4 Nf6 2. e3 g6 3. f4 Bg7 4. Nf3 d6 5. Bd3 O-O 6. O-O Nbd7 7. f5 e5 8. fxe6
fxe6 9. Qe1 e5 10. Nc3 c6 11. Ng5 Qe7 12. Qh4 h6 13. Nge4 g5 14. Qg3 Nxe4 15.
Rxf8+ Nxf8 16. Nxe4 d5 17. Nf2 exd4 18. e4 dxe4 19. Nxe4 Be5 20. Qf3 Be6 21.
Bd2 Nd7 22. Qh5 Bg7 23. Re1 Qf7 24. Qe2 Ne5 25. Nd6 Qd7 26. Ne4 Nxd3 27. cxd3
Bf7 28. h4 gxh4 29. Bxh6 Bg6 30. Bg5 Re8 31. Bxh4 Bxe4 32. dxe4 d3 33. Qd2 Bd4+
34. Bf2 Bxf2+ 35. Qxf2 Re7 36. Rd1 Rxe4 37. Qg3+ Rg4 38. Qxd3 Qxd3 39. Rxd3 Rb4
40. Rd2 Kg7 41. Kf2 Kg6 42. Kf3 Kg5 43. Rc2 Rf4+ 44. Kg3 Ra4 45. a3 Rd4 46.
Rc5+ Kg6 47. Rc3 Kg5 48. Rc5+ Kg6 49. Rc3 Kg5  1/2-1/2

[Event "14th IBCA World Chess Championship for Blind 2019"]
[Site "Cagliari"]
[Date "2019.04.07"]
[Round "2"]
[Board "11"]
[White "Schellmann, Frank"]
[Black "Pribeanu, Mihail-Dacian"]
[Result "0-1"]
[WhiteElo "2033"]
[BlackElo "2198"]
[PlyCount "51"]
[EventDate "2019.04.06"]
[EventRounds "9"]
[EventCountry "ITA"]

1. e4 d6 2. d4 g6 3. Nc3 Bg7 4. f4 a6 5. Nf3 b5 6. Bd3 Nd7 7. a4 b4 8. Ne2 Bb7
9. O-O Ngf6 10. e5 Nd5 11. c4 bxc3 12. bxc3 Qc8 13. Rb1 c5 14. Bd2 a5 15. f5
cxd4 16. cxd4 dxe5 17. dxe5 O-O 18. Qb3 Nc5 19. Qa3 Nxd3 20. Qxd3 Ba6 21. Qxd5
Bxe2 22. Rf2 Qxf5 23. Re1 Qd3 24. Qa2 Qc4 25. Qa3 Bxf3 26. Rxf3 {...}  0-1

[Event "14th IBCA World Chess Championship for Blind 2019"]
[Site "Cagliari"]
[Date "2019.04.07"]
[Round "2"]
[Board "12"]
[White "Jandric, Damjan"]
[Black "Dobierzin, Olaf"]
[Result "1/2-1/2"]
[WhiteElo "2196"]
[BlackElo "1992"]
[PlyCount "39"]
[EventDate "2019.04.06"]
[EventRounds "9"]
[EventCountry "ITA"]

1. e4 c5 2. Nf3 d6 3. c3 Nf6 4. h3 g6 5. Bd3 Bg7 6. Bc2 Nc6 7. O-O O-O 8. d4
cxd4 9. cxd4 e5 10. d5 Nb4 11. Bb3 a5 12. Nc3 Bd7 13. Be3 b5 14. Qe2 a4 15. a3
Na6 16. Bc2 Qb8 17. Nd2 Nh5 18. Rfc1 Nf4 19. Qf1 Rc8 20. Bd1  1/2-1/2

[Event "14th IBCA World Chess Championship for Blind 2019"]
[Site "Cagliari"]
[Date "2019.04.07"]
[Round "2"]
[Board "13"]
[White "Schulz, Gert"]
[Black "Adiyaman, Rene"]
[Result "0-1"]
[WhiteElo "1995"]
[BlackElo "2195"]
[PlyCount "22"]
[EventDate "2019.04.06"]
[EventRounds "9"]
[EventCountry "ITA"]

1. d4 Nf6 2. c4 d6 3. Nc3 e5 4. Nf3 Nbd7 5. e4 g6 6. Be2 Bg7 7. O-O O-O 8. d5
Nc5 9. Qc2 a5 10. b3 b6 11. Rb1 Nfxe4  0-1

[Event "14th IBCA World Chess Championship for Blind 2019"]
[Site "Cagliari"]
[Date "2019.04.07"]
[Round "2"]
[Board "14"]
[White "Zsiltzova-Lisenko, Lubov"]
[Black "Rutkowski, Jerzy"]
[Result "1/2-1/2"]
[WhiteElo "2191"]
[BlackElo "1980"]
[PlyCount "117"]
[EventDate "2019.04.06"]
[EventRounds "9"]
[EventCountry "ITA"]

1. e4 e5 2. Nf3 Nc6 3. Bb5 a6 4. Bxc6 dxc6 5. O-O Bg4 6. h3 h5 7. d3 Qf6 8.
Nbd2 Ne7 9. Nc4 Bxf3 10. Qxf3 Qxf3 11. gxf3 Ng6 12. Kh1 f6 13. Rg1 Kf7 14. Be3
c5 15. Rg3 Nf4 16. Bxf4 exf4 17. Rgg1 b5 18. Na5 Bd6 19. Rad1 Rad8 20. c3 Rb8
21. d4 cxd4 22. cxd4 g5 23. e5 fxe5 24. dxe5 Bxe5 25. Nc6 Rbe8 26. Rxg5 Bd6 27.
Rd2 Re1+ 28. Rg1 Rxg1+ 29. Kxg1 Ke6 30. Kf1 Rg8 31. a3 Kd7 32. Rc2 Re8 33. b4
Rg8 34. Na5 Rg5 35. Rd2 Kc8 36. Nb3 Kb7 37. Rd4 Kb6 38. Nd2 a5 39. Ne4 Rg6 40.
Ke2 Be5 41. Rd8 Bd6 42. Rb8+ Ka6 43. Ra8+ Kb7 44. Rxa5 c6 45. Kd3 Bf8 46. Kc3
Bg7+ 47. Kb3 Bd4 48. a4 Bb6 49. Nc5+ Kc7 50. Ra8 Bxc5 51. bxc5 b4 52. Kxb4 Rg2
53. Kc4 Rxf2 54. Kd3 Rxf3+ 55. Ke4 Rxh3 56. Kxf4 Rd3 57. Kg5 Rd4 58. Kxh5 Rc4
59. Kg5  1/2-1/2

[Event "14th IBCA World Chess Championship for Blind 2019"]
[Site "Cagliari"]
[Date "2019.04.07"]
[Round "2"]
[Board "15"]
[White "Bindzus, Ernst"]
[Black "Nizam, Rasim"]
[Result "0-1"]
[WhiteElo "1985"]
[BlackElo "2166"]
[PlyCount "78"]
[EventDate "2019.04.06"]
[EventRounds "9"]
[EventCountry "ITA"]

1. e4 e6 2. d3 c5 3. Nf3 Nc6 4. g3 g6 5. Bg2 Bg7 6. O-O Nge7 7. Nbd2 O-O 8. Re1
d6 9. Nf1 Qc7 10. h4 Nd4 11. c3 Nxf3+ 12. Qxf3 e5 13. Nh2 Qd7 14. Qe2 Rb8 15.
Be3 b6 16. Qd2 d5 17. Rad1 d4 18. Bh6 dxc3 19. bxc3 Ba6 20. Bxg7 Kxg7 21. f4
exf4 22. gxf4 Rbd8 23. f5 f6 24. fxg6 hxg6 25. d4 cxd4 26. cxd4 Nc6 27. Nf3 Qg4
28. Qf2 Rfe8 29. Rc1 Nb4 30. Rc7+ Rd7 31. Rxd7+ Qxd7 32. Qd2 Nd3 33. Re3 Nf4
34. e5 f5 35. Rc3 Ne2+ 36. Kh2 Nxc3 37. Qxc3 Bb7 38. d5 Qxd5 39. e6+ Kg8  0-1

[Event "14th IBCA World Chess Championship for Blind 2019"]
[Site "Cagliari"]
[Date "2019.04.07"]
[Round "2"]
[Board "16"]
[White "Stachanczyk, Jacek"]
[Black "Riegler, Dieter"]
[Result "1-0"]
[WhiteElo "2163"]
[BlackElo "1956"]
[PlyCount "47"]
[EventDate "2019.04.06"]
[EventRounds "9"]
[EventCountry "ITA"]

1. e4 c5 2. Nf3 d6 3. d4 cxd4 4. Nxd4 Nf6 5. Nc3 Nc6 6. Bg5 e6 7. Qd2 a6 8.
O-O-O Bd7 9. f4 b5 10. Bxf6 gxf6 11. Kb1 Qb6 12. Nxc6 Bxc6 13. f5 b4 14. Ne2 e5
15. Ng3 Qc5 16. b3 a5 17. Nh5 Ke7 18. Bc4 Rg8 19. Qe2 Bh6 20. Rd3 a4 21. Nxf6
Rgf8 22. Qh5 axb3 23. Bxb3 Be3 24. Qh4  1-0

[Event "14th IBCA World Chess Championship for Blind 2019"]
[Site "Cagliari"]
[Date "2019.04.07"]
[Round "2"]
[Board "18"]
[White "Lindenmair, Anton"]
[Black "Streltsov, Alexey"]
[Result "1-0"]
[WhiteElo "1974"]
[BlackElo "2131"]
[PlyCount "83"]
[EventDate "2019.04.06"]
[EventRounds "9"]
[EventCountry "ITA"]

1. d4 Nf6 2. c4 e6 3. Nf3 Bb4+ 4. Bd2 Be7 5. Nc3 d5 6. Bg5 h6 7. Bh4 g5 8. Bg3
Nh5 9. e3 Nxg3 10. hxg3 c6 11. Bd3 Nd7 12. Qc2 b6 13. cxd5 cxd5 14. e4 Bb7 15.
exd5 exd5 16. Qe2 Kf8 17. O-O Kg7 18. Rfe1 Bf6 19. Ne5 h5 20. Nb5 Nxe5 21. dxe5
Be7 22. Nd4 Bc8 23. e6 f6 24. Rac1 Bb7 25. Bb1 Rc8 26. Qd3 Qe8 27. Rxc8 Bxc8
28. Nf5+ Kf8 29. Qxd5 h4 30. gxh4 gxh4 31. Rc1 Rh5 32. Qe4 h3 33. Rc7 h2+ 34.
Kh1 Qd8 35. Qc2 Bxe6 36. Nxe7 Qd6 37. Ng6+ Kg8 38. Nf4 Bf5 39. Qc4+ Kh8 40.
Ng6+ Bxg6 41. Rc8+ Kh7 42. Qg8+  1-0